Statistics for Hunger Games Characters by Picture

Click here to take the quiz!

General Stats

  • This quiz has been taken 106 times
  • The average score is 14 of 16

Answer Stats

Answer% Correct
Katniss Everdeen
100%
Peeta Mellark
98%
Coriolanus Snow
97%
Primrose Everdeen
95%
Gale Hawthorne
94%
Haymitch Abernathy
94%
Rue
93%
Finnick Odair
92%
Effie Trinket
91%
Cinna
88%
Johanna Mason
85%
Caesar Flickerman
82%
Cato
82%
Mags
82%
Beetee Latier
76%
Clove
74%

Score Distribution

Percentile by Number Answered

Percent of People with Each Score

Your Score History

You have not taken this quiz